| 000 | 00704nam a2200193Ia 4500 | ||
|---|---|---|---|
| 003 | IN-BaIIA | ||
| 008 | 211028s9999 xx 000 0 eng d | ||
| 020 | _a9971-50-447-2 | ||
| 040 | _cIIA Library | ||
| 080 |
_a523.64(082.2) _bCOM |
||
| 245 | 0 |
_aCometary and solar plasma physics _binvited reviews of the 1987 plasma physics college, International Centre for Theoretical Physics, Trieste,Italy _cedited by B. Buti |
|
| 260 |
_aSingapore _bWorld Scientific _c1988 |
||
| 300 | _avii, 364p. | ||
| 650 | _aAstronomy and astrophysics thesaurus | ||
| 650 |
_aPlasma astrophysics _93786 |
||
| 650 |
_aPlasmas _91898 |
||
| 700 |
_aButi, B., ed. _910196 |
||
| 942 | _cBK | ||
| 999 |
_c9768 _d9768 |
||